000 01087nam0a2200289 4500
001 RU\NLR\b_ik\157257
005 20250616230154.0
010 _a5-902622-08-5
_9100
035 _a(NLR Aleph) 002230195
090 _a3416882
_c3416882
100 _a20070326d2006 |||y0rusy50 ca
101 0 _aeng
102 _aRU
105 _aa |||||||||
200 1 _aExcitons and exciton condensates in confined semiconductor systems
_eRussian-Swiss seminar, Moscow, September 10-15, 2006
_eabstracts
210 _aMoscow
_cP.N. Lebedev phys. inst. of Russ. acad. of sciences
_d2006
215 _a57 c.
_cил.
_d25
320 _aБиблиогр. в конце докл.
320 _aУказ.: с. 56-57
606 1 _aПолупроводники
_jСъезды, совещания и т.п.
_xЭкситоны
_91437567
_3RU\NLR\AUTH\66297393
686 1 _aВ379.212.2я431
801 0 _aRU
_bNLR
_c20070326
_gRCR
830 _aЭкситоны в полупроводниах
942 _cBOOK
980 _aNB